The origins of modern feminism : women in Britain, France and the United States 1780-1860

Αποθηκεύτηκε σε:
Λεπτομέρειες βιβλιογραφικής εγγραφής
Κύριος συγγραφέας: Rendall, Jane 1945-
Μορφή: Βιβλίο
Γλώσσα:English
Δημοσίευση: London : Macmillan, c1985
Σειρά:Themes in comparative history
Θέματα:
Ετικέτες: Προσθήκη ετικέτας
Δεν υπάρχουν, Καταχωρήστε ετικέτα πρώτοι!

MARC

LEADER 00000nam a2200000 i 4500
001 1/37405
008 940927s1985 eng d
020 |a  (pbk.)  |z 0-333-28901-3 
035 |l 10024669 
040 |a GR-MY-UA  |b gre  |e aacr 
041 0 |a eng 
082 0 |a 305.420941 
100 1 |a Rendall, Jane  |d 1945- 
245 1 4 |a The origins of modern feminism : women in Britain, France and the United States 1780-1860 
260 |a London :   |b Macmillan,   |c c1985 
300 |a 382 p. 
490 1 |a Themes in comparative history 
650 0 0 |a Feminism  |z Great Britain  |x History. 
650 0 0 |a Feminism  |z France  |x History. 
650 0 0 |a Feminism  |z United States  |x History. 
830 0 |a Themes in comparative history 
852 |a INST  |b CHIOS  |e 19940927  |h 305.420941 REN  |p 005200006284  |q 005200006284  |t BK  |y 0 
909 |a Χ  |b 001700